Forme longue des noms des pays d'europe par drapeau / Partie 2 - Statistiques

Statistiques générales
  • Ce quiz a été pris 51 fois
  • Le résultat moyen est 5 sur 16
Statistiques - réponses
Par images Réponse % Correct
Irlande
86%
Royaume des Pays-Bas
35%
Principauté de Monaco
33%
République de Malte
33%
République de Moldavie
33%
République de Pologne
33%
Royaume de Norvège
33%
République de Lettonie
30%
République de Macédoine du Nord
30%
République d'Islande
30%
République Italienne
30%
République du Kazakhstan
28%
Grand Duché du Luxembourg
23%
Principauté du Liechtenstein
23%
République de Lituanie
23%
Monténégro
16%
Aucun quiz correspondant
Distribution des résultats
% des personnes avec chaque résultat
Percentile par nombre de réponses
Votre historique - résultats
Vous n’avez pas pris ce quiz